| 000 | 02036cam a22006014i 4500 | ||
|---|---|---|---|
| 003 | PE-LiUPU | ||
| 005 | 20250731170438.0 | ||
| 008 | 150625s2004 mx a rb 000 0 spa d | ||
| 020 | _a970729101X | ||
| 020 | _a9789707291010 | ||
| 035 | _a(Sirsi) i9789707291010 | ||
| 040 |
_aPE-LiUPU _bspa _cPE-LiUPU _dPE-LiUPU _erda |
||
| 049 | _aPRUA | ||
| 082 | 0 | 4 |
_a150 _bG83 _221 |
| 100 | 1 |
_aGross, Richard, _eautor. |
|
| 245 | 1 | 0 |
_aPsicología : _bla ciencia de la mente y la conducta / _cRichard Gross. |
| 250 | _a3a edición. | ||
| 264 | 1 |
_aMéxico : _bManual Moderno, _c2004. |
|
| 300 |
_a1082 páginas : _bilustraciones ; _c26 centímetros |
||
| 336 |
_atext _2rdacontent |
||
| 337 |
_aunmediated _2rdamedia |
||
| 338 |
_avolume _2rdacarrier |
||
| 504 | _aIncluye referencias bibliográficas. | ||
| 505 | 0 | _aNaturaleza y alcance de la psicología -- Bases biológicas de la conducta -- Psicología cognitiva -- Psicología social -- Psicología del desarrollo -- Diferencias individuales -- Temas y debates. | |
| 526 | _aSEG68 | ||
| 526 | _aSEG70 | ||
| 526 | _aSEG69 | ||
| 526 | _aSEG67 | ||
| 526 | _aSEG43 | ||
| 526 | _aP144 | ||
| 526 | _aP143 | ||
| 526 | _aP131 | ||
| 526 | _aP122 | ||
| 526 | _aP120 | ||
| 526 | _aP117 | ||
| 526 | _aP112 | ||
| 526 | _aP110 | ||
| 526 | _aP106 | ||
| 526 | _aP101 | ||
| 526 | _aP80 | ||
| 526 | _aP59 | ||
| 526 | _aP54 | ||
| 526 | _aP35 | ||
| 526 | _aP33 | ||
| 526 | _aP30 | ||
| 541 | _g001-001104; | ||
| 650 | 0 | 4 |
_aPsicología _xFundamentos. |
| 942 |
_2ddc _cBOOK |
||
| 949 |
_a150 G83 _wDEWEY _c1 _i55333 _d2016-11-11 _e2016-11-10 _lCCODEBUL1 _mBUL _n13 _p52.00 _r0 _sY _tBOOK _u2015-6-25 _xSALUD _PP33 _0COMPRA _o.STAFF. Colección Ciencias de la Salud |
||
| 994 |
_aC0 _bPEPRU |
||
| 596 | _a1 | ||
| 999 |
_a150 G83 _wDEWEY _c44241 _i55333 _d44241 _e2019-11-5 _f2021-11-3 _g5 _lCCODEBUL1 _mBUL _n22 _p52.00 _q15 _r0 _sY _tBOOK _u2015-6-25 _xSALUD _zP33 _0COMPRA _o.STAFF. Colección Ciencias de la Salud |
||
| 980 |
_81 _gALBERTO SANCHEZ Responsable de Automatización |
||